000 00658nam a2200217 a 4500
999 _c7795
_d7795
001 7795
003 BD-JhCC
005 20210405134021.0
008 180214s2001 bg a|||| || | 000 0 ben d
035 _a(BD-JhCC)7795
040 _aBD-JhCC
_dBD-JhCC
041 _aben
082 _a639.8
_bISL 2001
100 _aইসলাম, মোঃ আনোয়ারুল
245 _aএকোয়াকালচার /
_cমোঃ আনোয়ারুল ইসলাম,
260 _aঢাকা :
_bবাংলা একাডেমী,
_c2001
300 _a351 p. :
_c24 cm.
650 _aAquaculture
942 _2ddc
_cBK
_02